Monarchs of France - Statistics

General Stats
  • This quiz has been taken 4,035 times
  • The average score is 45 of 71
Answer Stats
Merovingian Dynasty % Correct
K 814-840 I Louis
99%
K 877-879 II Louis
99%
K 879-882 III Louis
99%
K 936-954 IV Louis
99%
K 986-987 V Louis
99%
C 1108-1137 VI Louis
99%
C 1137-1180 VII Louis
99%
C 1223-1226 VIII Louis
99%
C 1226-1270 IX Louis
99%
C 1314-1316 X Louis
99%
V 1461-1483 XI Louis
99%
V 1498-1515 XII Louis
99%
B 1610-1643 XIII Louis
99%
B 1643-1715 XIV Louis
99%
B 1715-1774 XV Louis
99%
B 1774-1792 XVI Louis
99%
B 1814-1815, 1815-1824 XVIII Louis
99%
K 768-814 I Charles
92%
N 1804-1814, 1815-1815 I Napoleon
90%
N 1852-1870 III Napoleon
90%
K 840-877 II Charles
89%
K 885-888 III Charles
89%
K 898-922 III Charles
89%
C 1322-1328 IV Charles
89%
V 1364-1380 V Charles
89%
V 1380-1422 VI Charles
89%
V 1422-1461 VII Charles
89%
V 1483-1498 VIII Charles
89%
V 1560-1574 IX Charles
89%
B 1824-1830 X Charles
89%
C 1031-1060 I Henry
85%
L 1422-1453 VI(II) Henry
85%
V 1547-1559 II Henry
85%
V 1574-1589 III Henry
85%
B 1589-1610 IV Henry
85%
C 1316-1316 I John
63%
V 1350-1364 II John
63%
C 1060-1108 I Philip
63%
C 1180-1223 II Philip
63%
C 1270-1285 III Philip
63%
C 1285-1314 IV Philip
63%
C 1316-1322 V Philip
63%
V 1328-1350 VI Philip
63%
R 922-923 I Robert
59%
C 996-1031 II Robert
59%
V 1515-1547 I Francis
56%
V 1559-1560 II Francis
56%
M 481-511 I Clovis
44%
M 634-657 II Clovis
44%
M 691-695 IV Clovis
44%
O 1830-1848 I Louis-Philippe
39%
C 987-996 Hugh
38%
K 751-768 Pepin
33%
K 768-771 I Carloman
25%
K 882-884 II Carloman
25%
K 954-986 Lothair
24%
R 888-898 Odo
22%
M 457-481 I Childeric
19%
M 673-675 II Childeric
19%
M 743-751 III Childeric
19%
M 629-639 I Dagobert
19%
M 711-715 III Dagobert
19%
S 923-936 Rudolph
16%
M 715-721 II Chilperic
13%
M 448-457 Merovech
13%
M 675-692 III Theuderic
13%
M 721-737 IV Theuderic
13%
M 695-711 III Childebert
12%
M 511-561 I Chlothar
12%
M 584-629 II Chlothar
12%
M 657-673 III Chlothar
12%
No matching quizzes found
Score Distribution
Percent of People with Each Score
Percentile by Number Answered
Your Score History
You have not taken this quiz